000 00272nam a22001097a 4500
082 _a030 COL'H
100 _aCOLLIER, WILLIAM D
_957316
245 _aCOLLIER'S ENCYCLOPEDIA WITH BIBLOGRAPHY AND INDEX VOL-21
260 _aUSA
_bCOLLIER
_c1965
300 _a24V
942 _cBK
999 _c567612
_d567612